[Event "ICS rated blitz match"]
[Site "204.178.125.65"]
[Date "1999.07.26"]
[Round "?"]
[White "prometeus"]
[Black "Hossa"]
[Result "1/2-1/2"]
[WhiteElo "2194"]
[BlackElo "2392"]
[PlyCount "80"]
[EventDate "1999.??.??"]

1. e4 Nf6 2. e5 Nd5 3. c4 Nb6 4. d4 d6 5. f4 dxe5 6. fxe5 Bf5 7. Nf3 Bg4 8. Be2
Nc6 9. Be3 Bxf3 10. gxf3 e6 11. Kf1 a6 12. Nc3 Bb4 13. Kg2 Bxc3 14. bxc3 O-O
15. Rf1 Na5 16. c5 Nd5 17. Bd2 Nc6 18. Kh1 f6 19. f4 fxe5 20. fxe5 Qh4 21. Qc2
Rf2 22. Rxf2 Qxf2 23. Qd3 Rd8 24. Qf3 Qxf3+ 25. Bxf3 Rf8 26. Kg2 Rf7 27. Bxd5
exd5 28. Rf1 Rxf1 29. Kxf1 Kf7 30. Ke2 b6 31. cxb6 cxb6 32. Kd3 b5 33. Ke3 g5
34. Kf3 Kg6 35. Kg4 h5+ 36. Kf3 g4+ 37. Kg3 Nd8 38. Kh4 Ne6 39. Kg3 Nd8 40. Kh4
40... Ne6 {Game drawn by mutual agreement} 1/2-1/2

[Event "ICS rated blitz match"]
[Site "204.178.125.65"]
[Date "1999.07.26"]
[Round "?"]
[White "cico"]
[Black "Hossa"]
[Result "0-1"]
[WhiteElo "2165"]
[BlackElo "2384"]
[PlyCount "68"]
[EventDate "1999.??.??"]

1. d4 d5 2. c4 e6 3. Nc3 Nf6 4. Bg5 Be7 5. Nf3 c6 6. e3 O-O 7. Qc2 Nbd7 8.
O-O-O Qa5 9. g4 Rd8 10. h4 Re8 11. Bd3 dxc4 12. Bxc4 Nxg4 13. Rdg1 Ndf6 14. Bd3
h6 15. Bxf6 Nxf6 16. Ne5 c5 17. Rxg7+ Kxg7 18. Rg1+ Kf8 19. Bb5 Bd8 20. Nxf7
Kxf7 21. Qg6+ Ke7 22. Qg7+ Kd6 23. dxc5+ Kxc5 24. Bxe8 Nxe8 25. Qf8+ Kb6 26.
Qxe8 Bxh4 27. Rd1 Qc5 28. Kb1 Qc4 29. Rd6+ Ka5 30. a3 b6 31. b4+ Ka6 32. b5+
Ka5 33. Kb2 Bf6 34. Rd3 34... Qxd3 {cico resigns} 0-1

[Event "ICS rated blitz match"]
[Site "204.178.125.65"]
[Date "1999.07.26"]
[Round "?"]
[White "Kob"]
[Black "Hossa"]
[Result "0-1"]
[WhiteElo "2295"]
[BlackElo "2400"]
[PlyCount "62"]
[EventDate "1999.??.??"]

1. e4 Nf6 2. e5 Nd5 3. d4 d6 4. c4 Nb6 5. exd6 cxd6 6. Be2 e6 7. Nf3 d5 8. c5
N6d7 9. Nc3 Be7 10. O-O Nc6 11. Bf4 O-O 12. Nb5 Nf6 13. Nd6 Ne4 14. Nxc8 Rxc8
15. a3 Bf6 16. b4 Nc3 17. Qd3 Nxe2+ 18. Qxe2 Nxd4 19. Nxd4 Bxd4 20. Rad1 Qf6
21. Bd6 Rfd8 22. Rd3 b6 23. Rc1 Rxd6 24. Rxd4 Qxd4 25. Rd1 bxc5 26. Rxd4 cxd4
27. g3 f6 28. Qb5 Rdc6 29. Qb7 d3 30. b5 Rc1+ 31. Kg2 31... d2 {Kob resigns}
0-1

[Event "ICS Rated blitz match"]
[Site "204.178.125.65"]
[Date "1999.07.26"]
[Round "?"]
[White "Hossa"]
[Black "herbas64"]
[Result "1-0"]
[WhiteElo "2411"]
[BlackElo "2295"]
[PlyCount "24"]
[EventDate "1999.??.??"]

1. d4 f5 2. c4 Nf6 3. Nc3 g6 4. f3 d5 5. cxd5 Nxd5 6. e4 Nxc3 7. bxc3 fxe4 8.
fxe4 e5 9. Nf3 exd4 10. cxd4 Bb4+ 11. Bd2 Qe7 12. Bd3 12... O-O {
herbas64 resigns} 1-0

[Event "ICS rated blitz match"]
[Site "204.178.125.65"]
[Date "1999.07.26"]
[Round "?"]
[White "Carsi"]
[Black "Hossa"]
[Result "1/2-1/2"]
[WhiteElo "2393"]
[BlackElo "2422"]
[PlyCount "60"]
[EventDate "1999.??.??"]

1. e4 Nf6 2. e5 Nd5 3. d4 d6 4. Nf3 Bg4 5. Be2 Nc6 6. O-O e6 7. exd6 Bxd6 8. c4
Nf4 9. Bxf4 Bxf4 10. Nc3 O-O 11. h3 Bxf3 12. Bxf3 Nxd4 13. Bxb7 Rb8 14. Be4
Rxb2 15. g3 Bd2 16. Na4 Rb8 17. Kg2 Qg5 18. f4 Qa5 19. Rf2 Be3 20. Rb2 Rxb2+
21. Nxb2 Rb8 22. Nd3 Qa6 23. Ne5 f6 24. Bxh7+ Kxh7 25. Qh5+ Kg8 26. Qf7+ Kh7
27. Qg6+ Kh8 28. Qh5+ Kg8 29. Qf7+ Kh7 30. Qh5+ 30... Kg8 {
Game drawn by repetition} 1/2-1/2

[Event "ICS rated blitz match"]
[Site "204.178.125.65"]
[Date "1999.07.26"]
[Round "?"]
[White "AdnanAbi"]
[Black "Hossa"]
[Result "0-1"]
[WhiteElo "2181"]
[BlackElo "2421"]
[PlyCount "68"]
[EventDate "1999.??.??"]

1. d4 d5 2. Bf4 Nf6 3. Kd2 Ne4+ 4. Ke1 g5 5. Bg3 Bf5 6. e3 e6 7. f3 Nxg3 8.
hxg3 Bd6 9. Kf2 Nd7 10. Bd3 Qf6 11. Nc3 O-O-O 12. Nb5 Kb8 13. Nxd6 cxd6 14. Ne2
Rc8 15. c3 h5 16. Bxf5 Qxf5 17. Qb1 Qf6 18. Qd3 Nb6 19. b3 e5 20. dxe5 dxe5 21.
a4 Qe6 22. a5 Na8 23. Rad1 Nc7 24. f4 gxf4 25. exf4 e4 26. Qe3 f5 27. Nd4 Qg6
28. Rh3 Qg4 29. Rdh1 Ka8 30. Rh4 Qg6 31. Qe2 Rhg8 32. Qe3 Ne8 33. Rxh5 Nf6 34.
R1h4 34... Nxh5 {AdnanAbi resigns} 0-1

[Event "ICS rated blitz match"]
[Site "204.178.125.65"]
[Date "1999.07.26"]
[Round "?"]
[White "Hossa"]
[Black "Talmoves"]
[Result "1-0"]
[WhiteElo "2427"]
[BlackElo "2646"]
[PlyCount "173"]
[EventDate "1999.??.??"]

1. d4 Nf6 2. c4 e6 3. Nc3 Bb4 4. Bg5 h6 5. Bh4 c5 6. d5 d6 7. Rc1 e5 8. f3 Nbd7
9. e4 O-O 10. Bd3 Nb6 11. Nge2 Bd7 12. O-O a6 13. f4 exf4 14. a3 Ba5 15. Bxf6
Qxf6 16. Rxf4 Qg5 17. Qd2 Na4 18. Rcf1 Nxc3 19. Nxc3 Rae8 20. Qf2 Re7 21. Nd1
Qe5 22. Ne3 Kh8 23. Nf5 Bxf5 24. Rxf5 Qd4 25. Qxd4 cxd4 26. b4 Bc7 27. c5 f6
28. c6 bxc6 29. dxc6 Ra8 30. Rd5 Re5 31. Kh1 Rxd5 32. exd5 a5 33. Re1 axb4 34.
axb4 Kg8 35. Bg6 Kf8 36. g3 Rb8 37. Kg2 d3 38. Bxd3 Rxb4 39. Bg6 Rb2+ 40. Kf3
Rb8 41. h4 Ra8 42. Re6 Rb8 43. Kf4 Rd8 44. Kf5 Rc8 45. Re2 Bb8 46. Rb2 Ke7 47.
g4 Bc7 48. Re2+ Kf8 49. Ke6 Bb6 50. Kxd6 Rd8+ 51. Ke6 Bc7 52. Rd2 Rd6+ 53. Kf5
Rd8 54. Ke4 Ke7 55. Re2 Ra8 56. h5 Kd6 57. Bf7 Rf8 58. Be6 Ra8 59. Kf5 Re8 60.
Kg6 Re7 61. Rc2 Ba5 62. Bf7 Bb6 63. Kxg7 Rc7 64. Kxf6 Bd4+ 65. Kg6 Be3 66. Be6
Ra7 67. Kf6 Re7 68. Re2 Bc1 69. Kf5 Bg5 70. Kg6 Rc7 71. Rf2 Re7 72. Rf7 Rxf7
73. Kxf7 Be3 74. Kg7 Bg5 75. Bg8 Bd2 76. Kf8 Bg5 77. Kf7 Be3 78. Ke8 Bg5 79.
Be6 Bf6 80. Bf7 Bg5 81. Bg8 Bd2 82. Kd8 Ba5+ 83. Kc8 Ke7 84. Kb7 Kf8 85. d6
Kxg8 86. c7 Bxc7 87. dxc7 {Talmoves resigns} 1-0

[Event "ICS rated blitz match"]
[Site "204.178.125.65"]
[Date "1999.07.26"]
[Round "?"]
[White "MKT"]
[Black "Hossa"]
[Result "0-1"]
[WhiteElo "2018"]
[BlackElo "2454"]
[PlyCount "60"]
[EventDate "1999.??.??"]

1. c4 e5 2. Nc3 Nf6 3. Nf3 Nc6 4. d4 exd4 5. Nxd4 Nxd4 6. Qxd4 Be7 7. e4 O-O 8.
Be2 Bb4 9. e5 Bxc3+ 10. Qxc3 Ne8 11. O-O f6 12. c5 fxe5 13. Bc4+ Kh8 14. Qxe5
d6 15. cxd6 cxd6 16. Qg3 d5 17. Rd1 Nf6 18. Bg5 Be6 19. Qe5 Qe8 20. Bb3 Ng4 21.
Qg3 Nxf2 22. Rf1 Ne4 23. Qe5 Qg6 24. Bxd5 Bxd5 25. Rxf8+ Rxf8 26. Qxd5 Qb6+ 27.
Kh1 Nf2+ 28. Kg1 Nh3+ 29. Kh1 Qg1+ 30. Rxg1 30... Nf2# {MKT checkmated} 0-1

[Event "ICS Rated blitz match"]
[Site "204.178.125.65"]
[Date "1999.07.26"]
[Round "?"]
[White "Hossa"]
[Black "salzi"]
[Result "1-0"]
[WhiteElo "2456"]
[BlackElo "2118"]
[PlyCount "43"]
[EventDate "1999.??.??"]

1. d4 Nf6 2. c4 d6 3. Nc3 g6 4. e4 Bg7 5. f3 O-O 6. Nge2 c6 7. Bf4 Qc7 8. Qd2
e5 9. Bh6 Nbd7 10. O-O-O Re8 11. Bxg7 Kxg7 12. dxe5 dxe5 13. Rg1 a5 14. Qg5 Nc5
15. Rd2 a4 16. Kc2 Qa5 17. Ng3 Rb8 18. Rd6 Nfd7 19. Nf5+ Kh8 20. Nh6 Rf8 21.
Qe7 Qc7 22. Rf6 {salzi resigns} 1-0

[Event "ICS rated blitz match"]
[Site "204.178.125.65"]
[Date "1999.07.26"]
[Round "?"]
[White "Hossa"]
[Black "MKT"]
[Result "1-0"]
[WhiteElo "2460"]
[BlackElo "2014"]
[PlyCount "42"]
[EventDate "1999.??.??"]

1. d4 d5 2. c4 e6 3. Nc3 c5 4. cxd5 cxd4 5. Qa4+ Bd7 6. Qxd4 exd5 7. Qxd5 Nc6
8. e4 Nf6 9. Qg5 Qe7 10. Bd3 h6 11. Qd2 O-O-O 12. Qe2 Nd4 13. Qe3 Bc6 14. Nge2
Ng4 15. Qh3 f5 16. O-O Nxe2+ 17. Bxe2 Bxe4 18. Bxg4 Rd3 19. Bxf5+ Kd8 20. Be3
Bxf5 21. Qxf5 21... Qb4 {MKT resigns} 1-0

[Event "ICS rated blitz match"]
[Site "204.178.125.65"]
[Date "1999.07.26"]
[Round "?"]
[White "CyberTal"]
[Black "Hossa"]
[Result "0-1"]
[WhiteElo "2312"]
[BlackElo "2462"]
[PlyCount "56"]
[EventDate "1999.??.??"]

1. e4 Nf6 2. e5 Nd5 3. d4 d6 4. Nf3 Bg4 5. Be2 Nc6 6. exd6 cxd6 7. c4 Nb6 8. b3
d5 9. c5 Nd7 10. Nc3 e6 11. O-O b6 12. cxb6 axb6 13. Be3 Ba3 14. Qd2 O-O 15. h3
Bxf3 16. Bxf3 Qf6 17. Rfd1 Rfc8 18. Ne2 Qf5 19. Ng3 Qf6 20. Nh5 Qe7 21. Bg5 f6
22. Bh4 g6 23. Nf4 g5 24. Nxd5 exd5 25. Bxd5+ Kh8 26. Re1 Qd6 27. Bxc6 Bb4 28.
Qd3 28... Qxc6 {CyberTal resigns} 0-1

[Event "ICS Rated blitz match"]
[Site "204.178.125.65"]
[Date "1999.07.26"]
[Round "?"]
[White "Hossa"]
[Black "occam"]
[Result "1/2-1/2"]
[WhiteElo "2471"]
[BlackElo "2358"]
[PlyCount "164"]
[EventDate "1999.??.??"]

1. d4 d5 2. c4 dxc4 3. e4 b5 4. a4 c6 5. axb5 cxb5 6. Nc3 Bd7 7. d5 a5 8. Nf3
a4 9. Ne5 Ra5 10. Qf3 Nf6 11. Be2 e6 12. O-O Bd6 13. Bf4 Qc7 14. Qg3 Rf8 15.
Ng6 Bxf4 16. Qxf4 Qxf4 17. Nxf4 b4 18. Nb1 e5 19. Nh5 Nxh5 20. Bxh5 Ke7 21. Rc1
Rc8 22. Be2 Rac5 23. Bd1 f5 24. f3 c3 25. bxc3 fxe4 26. fxe4 R8c7 27. Bxa4 Ra7
28. Rd1 Rxa4 29. Rxa4 Bxa4 30. cxb4 Rc2 31. Rf1 Na6 32. h4 Bb5 33. Rd1 Be8 34.
g3 Kd6 35. Na3 Rc3 36. Ra1 Nc7 37. b5 Rxg3+ 38. Kf2 Rc3 39. b6 Na6 40. Nb1 Rc2+
41. Ke3 Nc5 42. Ra8 Bh5 43. Nd2 Rc3+ 44. Kf2 Bg6 45. Rg8 Nd3+ 46. Kf3 Bh5+ 47.
Kg2 Nf4+ 48. Kf2 Rc2 49. Ke3 Ng2+ 50. Kd3 Ne1+ 51. Ke3 Bd1 52. Rxg7 Rc3+ 53.
Kf2 Nd3+ 54. Kg1 Nc5 55. b7 Na6 56. Rxh7 Rc2 57. Nf1 Ra2 58. Rh8 Bf3 59. Ne3
Re2 60. Ra8 Rxe3 61. Rxa6+ Kc7 62. Rb6 Kb8 63. Kf2 Rc3 64. Re6 Bxe4 65. Rxe5
Bg6 66. h5 Bb1 67. d6 Rd3 68. Rb5 Bc2 69. Rb6 Ba4 70. h6 Rh3 71. h7 Rxh7 72.
Ke3 Be8 73. Kd4 Bh5 74. Rb3 Bd1 75. Re3 Ba4 76. Re7 Rxe7 77. dxe7 Be8 78. Kd5
Kxb7 79. Ke5 Kc6 80. Kf5 Kd7 81. Kf6 Kd6 82. Kf5 82... Kxe7 {
Game drawn because neither player has mating material} 1/2-1/2

[Event "ICS rated blitz match"]
[Site "204.178.125.65"]
[Date "1999.07.26"]
[Round "?"]
[White "occam"]
[Black "Hossa"]
[Result "0-1"]
[WhiteElo "2363"]
[BlackElo "2468"]
[PlyCount "120"]
[EventDate "1999.??.??"]

1. d4 d5 2. c4 e6 3. Nc3 Nf6 4. Nf3 c6 5. cxd5 exd5 6. Qd2 Be7 7. Qf4 O-O 8. e3
Nh5 9. Qe5 f5 10. Nb5 cxb5 11. h3 Nc6 12. Qh2 Nb4 13. Ke2 Nf6 14. Bd2 Ne4 15.
a3 Nc6 16. Rc1 Be6 17. Ke1 a6 18. Be2 Re8 19. Kf1 f4 20. exf4 Nxd2+ 21. Nxd2
Nxd4 22. Bh5 Qa5 23. Nb1 Rec8 24. Rd1 Qa4 25. b4 Qc2 26. Qg3 g6 27. Rxd4 Qxb1+
28. Rd1 Rc1 29. Ke1 Bxb4+ 30. axb4 Re8 31. Qe3 Bf7 32. Qxe8+ Bxe8 33. Rxc1
Qxc1+ 34. Bd1 Qxf4 35. Bf3 Qc1+ 36. Bd1 b6 37. g4 Qb1 38. f3 Qxb4+ 39. Ke2 Qb2+
40. Ke1 Qg2 41. Rf1 Qxh3 42. Bb3 Bf7 43. Bd1 d4 44. Be2 Bc4 45. Bxc4+ bxc4 46.
Rf2 c3 47. Ke2 c2 48. Rf1 d3+ 49. Kxd3 Qxf1+ 50. Kxc2 g5 51. Kc3 Qxf3+ 52. Kd4
Qxg4+ 53. Kc3 Qf3+ 54. Kd4 g4 55. Kc4 g3 56. Kd4 g2 57. Ke5 g1=Q 58. Kd6 Qc5+
59. Kd7 Qfd5+ 60. Ke8 60... Qf8# {occam checkmated} 0-1

[Event "ICS rated blitz match"]
[Site "204.178.125.65"]
[Date "1999.07.26"]
[Round "?"]
[White "Hossa"]
[Black "TDChess"]
[Result "1-0"]
[WhiteElo "2479"]
[BlackElo "2486"]
[PlyCount "145"]
[EventDate "1999.??.??"]

1. d4 e6 2. c4 Bb4+ 3. Bd2 c5 4. Bxb4 cxb4 5. e3 Nf6 6. Bd3 Na6 7. Ne2 O-O 8.
O-O d6 9. e4 e5 10. f4 exd4 11. Nxd4 Qb6 12. Bc2 Re8 13. e5 dxe5 14. fxe5 Rxe5
15. Rf4 Bd7 16. Nd2 g5 17. N2f3 Rc5 18. Rxf6 Qxf6 19. Be4 Rc7 20. Qd2 g4 21.
Ng5 Rxc4 22. Bxh7+ Kg7 23. Rd1 Re8 24. Ne2 Re5 25. Bd3 Rc7 26. Ne4 Qe6 27. Qf4
Rd5 28. Qe3 Qe5 29. Nf4 Ra5 30. Bxa6 bxa6 31. Nd3 Qd5 32. Re1 Rb5 33. Nf4 Qf5
34. Nd3 Rb6 35. Qd4+ f6 36. Rf1 Qg6 37. Ne5 fxe5 38. Qxe5+ Kg8 39. Qxc7 Qxe4
40. Qxd7 Rb7 41. Qc8+ Kg7 42. h4 gxh3 43. Qxh3 Qd4+ 44. Kh2 Rb5 45. b3 Rb6 46.
Qg3+ Rg6 47. Qc7+ Kh6 48. Rf4 Qd6 49. Qxd6 Rxd6 50. Rxb4 Rb6 51. Rd4 a5 52. Rf4
Kg5 53. Re4 Kf5 54. Rh4 Kg5 55. Rc4 Rf6 56. Kg3 Kh6 57. Rf4 Kg5 58. Rxf6 Kxf6
59. Kf4 Kg6 60. g3 Kf6 61. g4 Kg6 62. g5 Kg7 63. Kf5 Kf7 64. g6+ Kg7 65. a4 Kg8
66. Kf6 Kf8 67. g7+ Kg8 68. Kg6 a6 69. Kf6 Kh7 70. Kf7 Kh6 71. g8=Q Kh5 72. Qg3
Kh6 73. Qg6# {TDChess checkmated} 1-0

[Event "ICS rated blitz match"]
[Site "204.178.125.65"]
[Date "1999.07.26"]
[Round "?"]
[White "Hossa"]
[Black "occam"]
[Result "1-0"]
[WhiteElo "2497"]
[BlackElo "2342"]
[PlyCount "209"]
[EventDate "1999.??.??"]

1. d4 Nf6 2. c4 e6 3. Nc3 Bb4 4. Bg5 Bxc3+ 5. bxc3 h6 6. Bxf6 Qxf6 7. e4 d6 8.
Bd3 c5 9. Qf3 Nd7 10. Qxf6 Nxf6 11. Ne2 O-O 12. O-O e5 13. Rab1 Re8 14. f3 b6
15. a3 Bd7 16. Rf2 h5 17. Rd1 a6 18. Re1 b5 19. Rb1 Reb8 20. Rff1 bxc4 21. Bxc4
Bb5 22. Bxb5 axb5 23. Ra1 Ra4 24. dxc5 dxc5 25. Rfb1 Rb6 26. Rb3 Ne8 27. h3 Nd6
28. Ng3 g6 29. h4 f6 30. Rd1 c4 31. Rb2 Rxa3 32. Ne2 Rba6 33. Rbd2 Nf7 34. Kf2
Ra8 35. Rd7 Ra2 36. Rb7 Rc2 37. Ke3 Raa2 38. Re1 Rcb2 39. g3 f5 40. exf5 gxf5
41. f4 Nh6 42. Rb8+ Kf7 43. Rb7+ Kf8 44. Rb8+ Ke7 45. Rb7+ Ke8 46. Rb8+ Kd7 47.
Rb7+ Kc6 48. Rg7 Ng4+ 49. Rxg4 hxg4 50. fxe5 Kd5 51. e6 Kxe6 52. Nd4+ Kf7 53.
Rf1 Kg6 54. Rxf5 Ra3 55. Rg5+ Kf6 56. Nxb5 Rab3 57. Nd6 Rxc3+ 58. Kf4 Ke6 59.
Ne4 Rf3+ 60. Kxg4 Rf8 61. Rc5 Rb4 62. Kg5 Rd8 63. h5 Rd4 64. Nf6 Rb2 65. g4 Kd6
66. Rc8 Rb5+ 67. Kg6 Ke5 68. h6 Rb7 69. g5 Rh4 70. h7 Rb2 71. Rxc4 Rxc4 72.
h8=Q Rcc2 73. Qe8+ Kd6 74. Qd7+ Ke5 75. Qd5+ Kf4 76. Qf5+ Ke3 77. Qe4+ Kf2 78.
Qd4+ Kf3 79. Qg4+ Kf2 80. Kh7 Ke1 81. Qh4+ Kd1 82. Qh1+ Kd2 83. g6 Rc7+ 84. g7
Rbb7 85. Ne8 Re7 86. Kg6 Rxg7+ 87. Nxg7 Rb6+ 88. Ne6 Rxe6+ 89. Kg5 Re2 90. Kf4
Rf2+ 91. Ke4 Re2+ 92. Kd4 Rf2 93. Qe4 Re2 94. Qf4+ Kc2 95. Kc4 Kb2 96. Qd4+ Ka2
97. Kc3 Rb2 98. Qd1 Rh2 99. Qb3+ Ka1 100. Qb8 Ra2 101. Qb6 Rg2 102. Qa6+ Kb1
103. Qb7+ Kc1 104. Qxg2 Kd1 105. Qf1# {occam checkmated} 1-0

[Event "ICS rated blitz match"]
[Site "204.178.125.65"]
[Date "1999.07.26"]
[Round "?"]
[White "MKT"]
[Black "Hossa"]
[Result "0-1"]
[WhiteElo "2026"]
[BlackElo "2506"]
[PlyCount "63"]
[EventDate "1999.??.??"]

1. c4 e5 2. Nc3 Nf6 3. Nf3 Nc6 4. d4 exd4 5. Nxd4 Nxd4 6. Qxd4 Be7 7. g3 O-O 8.
Bg2 Re8 9. b3 Bb4 10. Bb2 Qe7 11. O-O Bxc3 12. Bxc3 a6 13. Rad1 Qxe2 14. Rfe1
Qc2 15. Rxe8+ Nxe8 16. Re1 Nf6 17. Qe3 h6 18. Qe8+ Nxe8 19. Rxe8+ Kh7 20. Be4+
Qxe4 21. Rxe4 b5 22. Re7 Kg6 23. Ba5 bxc4 24. bxc4 c6 25. c5 Rb8 26. Bb6 f6 27.
f4 d6 28. Rc7 dxc5 29. Bxc5 Rb1+ 30. Kf2 Rb2+ 31. Kf3 Be6 32. Rxc6 {MKT resigns
} 0-1

[Event "ICS rated blitz match"]
[Site "204.178.125.65"]
[Date "1999.07.26"]
[Round "?"]
[White "Hossa"]
[Black "TDChess"]
[Result "0-1"]
[WhiteElo "2511"]
[BlackElo "2496"]
[PlyCount "108"]
[EventDate "1999.??.??"]

1. d4 e6 2. c4 Bb4+ 3. Bd2 c5 4. Bxb4 cxb4 5. e3 Nf6 6. Bd3 O-O 7. Ne2 d5 8.
O-O Nc6 9. Qc2 dxc4 10. Bxc4 e5 11. Qd3 exd4 12. exd4 Qb6 13. Nd2 Bg4 14. f3
Ne5 15. Qc2 Bd7 16. Kh1 Nxc4 17. Nxc4 Rac8 18. b3 Rfe8 19. Qd2 Qa6 20. Rfe1 Bb5
21. Ne5 Red8 22. Nf4 Qd6 23. Rad1 Rc7 24. Nh3 Nd5 25. Ng5 f6 26. Ne4 Qb6 27.
Ng4 Nc3 28. Rc1 Rxd4 29. Qf4 Rc6 30. Rc2 Qd8 31. Qf5 Rd1 32. Rc1 Rxc1 33.
Nexf6+ gxf6 34. Rxc1 Nxa2 35. Re1 Bd3 36. Nh6+ Kg7 37. Qf4 Qd5 38. Ng4 Qxb3 39.
Qb8 Re6 40. Ra1 Bb1 41. Qxb7+ Kg6 42. h4 h5 43. Qxa7 hxg4 44. Qg1 Bc2 45. fxg4
Qg3 46. h5+ Kh6 47. Qf1 b3 48. Qc4 b2 49. g5+ Kxh5 50. Rf1 Re1 51. gxf6 b1=Q
52. Qd5+ Kh4 53. Qd4+ Be4 54. Rxe1 54... Qxg2# {Hossa checkmated} 0-1

[Event "ICS rated blitz match"]
[Site "204.178.125.65"]
[Date "1999.07.26"]
[Round "?"]
[White "TDChess"]
[Black "Hossa"]
[Result "1-0"]
[WhiteElo "2521"]
[BlackElo "2494"]
[PlyCount "83"]
[EventDate "1999.??.??"]

1. e4 Nf6 2. e5 Nd5 3. Nf3 d6 4. d4 Bg4 5. Be2 Nc6 6. O-O dxe5 7. dxe5 f6 8.
exf6 exf6 9. Nd4 Nxd4 10. Bxg4 Nb4 11. Na3 Ndc6 12. Qe2+ Be7 13. Rd1 Nd4 14.
Qe4 Nbc6 15. Be3 O-O 16. Bxd4 Bxa3 17. Bc5 Bxc5 18. Rxd8 Bxf2+ 19. Kxf2 Raxd8
20. Bf5 g6 21. Be6+ Kh8 22. Bd5 f5 23. Qc4 Ne5 24. Qd4 Rfe8 25. Qa4 c6 26. Bb3
a6 27. Qb4 Rd7 28. Re1 Rde7 29. Kf1 g5 30. h4 h6 31. hxg5 hxg5 32. Re2 f4 33.
c3 Rh7 34. Rxe5 Rh1+ 35. Kf2 Rd8 36. Qe7 Rd2+ 37. Re2 Rxe2+ 38. Kxe2 f3+ 39.
Kd2 Rc1 40. Kxc1 c5 41. Qf8+ Kh7 42. Bc2# {Hossa checkmated} 1-0

[Event "ICS rated blitz match"]
[Site "204.178.125.65"]
[Date "1999.07.27"]
[Round "?"]
[White "Hossa"]
[Black "Meistro"]
[Result "0-1"]
[WhiteElo "2479"]
[BlackElo "2014"]
[PlyCount "126"]
[EventDate "1999.??.??"]

1. d4 d5 2. c4 c6 3. Nc3 Nf6 4. cxd5 cxd5 5. f3 Nc6 6. e4 dxe4 7. d5 Ne5 8.
fxe4 e6 9. Qd4 Nfd7 10. Bb5 Qf6 11. Be3 Bd6 12. Bxd7+ Bxd7 13. Rd1 O-O 14. dxe6
fxe6 15. Nge2 Bc7 16. Bf4 Bc6 17. Qg1 Bb6 18. Be3 Bxe3 19. Qxe3 Ng4 20. Qg3
Qf2+ 21. Qxf2 Nxf2 22. O-O Nxd1 23. Rxd1 Rad8 24. Rxd8 Rxd8 25. b4 Rd2 26. Kf2
Rb2 27. a3 Rb3 28. b5 Bxb5 29. Nxb5 Rxb5 30. Nd4 Rb2+ 31. Kg3 Kf7 32. e5 Ra2
33. Nb5 a6 34. Nd6+ Ke7 35. Nxb7 Rxa3+ 36. Kf4 Ra2 37. Kf3 a5 38. h4 a4 39. h5
a3 40. h6 gxh6 41. Na5 Ra1 42. Nc6+ Ke8 43. Nb4 a2 44. Kg3 Kd7 45. Nxa2 Rxa2
46. Kf3 Ra4 47. Ke3 Kc6 48. Kf2 Kd5 49. Kf3 Kxe5 50. g4 Kf6 51. Kg3 Kg5 52. Kf2
Ra3 53. Kg2 Kxg4 54. Kf2 e5 55. Ke2 e4 56. Kd2 h5 57. Kc2 h4 58. Kb2 Rg3 59.
Kc2 h3 60. Kd2 h2 61. Ke2 h1=Q 62. Kd2 Qh2+ 63. Kd1 63... Rg1# {
Hossa checkmated} 0-1

[Event "ICS rated blitz match"]
[Site "204.178.125.65"]
[Date "1999.07.27"]
[Round "?"]
[White "Slonik"]
[Black "Hossa"]
[Result "0-1"]
[WhiteElo "2127"]
[BlackElo "2455"]
[PlyCount "40"]
[EventDate "1999.??.??"]

1. e4 Nf6 2. e5 Nd5 3. d4 d6 4. Nf3 Bg4 5. Be2 Nc6 6. O-O e6 7. c4 Bxf3 8. Bxf3
Nb6 9. exd6 cxd6 10. b3 d5 11. c5 Bxc5 12. dxc5 Qf6 13. cxb6 Qxa1 14. Ba3 axb6
15. Re1 Qxa2 16. Bxd5 O-O-O 17. Qg4 Rxd5 18. Qxg7 Rhd8 19. Qxf7 Qe2 20. Rf1
20... Rd1 {Slonik resigns} 0-1

[Event "ICS rated blitz match"]
[Site "204.178.125.65"]
[Date "1999.07.27"]
[Round "?"]
[White "Hossa"]
[Black "Nimzovik"]
[Result "1-0"]
[WhiteElo "2463"]
[BlackElo "2063"]
[PlyCount "111"]
[EventDate "1999.??.??"]

1. d4 e6 2. c4 b6 3. Nf3 Bb7 4. Nc3 Bb4 5. Bg5 Bxc3+ 6. bxc3 f6 7. Bh4 Qe7 8.
Nd2 c5 9. e4 d6 10. Be2 Qf7 11. Bh5 g6 12. Bf3 Nd7 13. O-O O-O-O 14. Qa4 Kb8
15. Rfb1 h5 16. Nb3 g5 17. Bg3 e5 18. h3 Nh6 19. Re1 h4 20. Bh2 g4 21. hxg4 Qg7
22. Qa3 Nxg4 23. Bxg4 Qxg4 24. f3 Qg7 25. Reb1 Rdg8 26. Rb2 Nf8 27. Rd1 Ne6 28.
d5 Ng5 29. Rd3 h3 30. g3 Rh4 31. Nxc5 dxc5 32. Re2 Qg6 33. gxh4 Nxf3+ 34. Kf2
Qg2+ 35. Ke3 Qg4 36. Rf2 f5 37. Rxf3 fxe4 38. Bxe5+ Ka8 39. Rg3 Qxg3+ 40. Bxg3
Rxg3+ 41. Kxe4 Rg4+ 42. Ke5 a5 43. Rxh3 Rg1 44. h5 Re1+ 45. Kd6 Rg1 46. h6 Rg6+
47. Kc7 Rf6 48. h7 Rf7+ 49. Kxb6 Rf6+ 50. Kxc5 Ba6 51. h8=Q+ Ka7 52. Rh7+ Bb7
53. Qxa5+ Ra6 54. Rxb7+ Kxb7 55. Qxa6+ Kxa6 56. Qa8# {Nimzovik checkmated} 1-0

[Event "ICS Rated standard match"]
[Site "204.178.125.65"]
[Date "1999.07.27"]
[Round "?"]
[White "Hossa"]
[Black "star"]
[Result "1-0"]
[WhiteElo "2211"]
[BlackElo "2265"]
[PlyCount "29"]
[EventDate "1999.??.??"]

1. e4 c6 2. d4 d5 3. exd5 cxd5 4. Nf3 Nf6 5. Bd3 Nc6 6. O-O e6 7. Bg5 Qb6 8.
Nc3 Qxb2 9. Nb5 Kd7 10. Qe2 Qb4 11. Ne5+ Nxe5 12. Qxe5 Ne8 13. Rfe1 Qa5 14. Re2
a6 15. Bd2 {star resigns} 1-0

[Event "ICS rated blitz match"]
[Site "204.178.125.65"]
[Date "1999.07.27"]
[Round "?"]
[White "MKT"]
[Black "Hossa"]
[Result "0-1"]
[WhiteElo "2014"]
[BlackElo "2468"]
[PlyCount "60"]
[EventDate "1999.??.??"]

1. c4 e5 2. Nc3 Nf6 3. Nf3 Nc6 4. d4 exd4 5. Nxd4 Nxd4 6. Qxd4 Be7 7. g3 O-O 8.
Bg2 Re8 9. b3 Bb4 10. Bb2 Qe7 11. O-O Bxc3 12. Bxc3 a6 13. e4 d6 14. Rae1 Be6
15. f4 Rad8 16. f5 Bc8 17. Kh1 b6 18. Bf3 Bb7 19. g4 c5 20. Qg1 Nxe4 21. Qg2 f6
22. Re2 Ng3+ 23. hxg3 Bxf3 24. Qxf3 Qxe2 25. Qd5+ Kh8 26. Re1 Qxa2 27. Rxe8+
Rxe8 28. Qf7 Qb1+ 29. Kg2 Re2+ 30. Kh3 30... Qh1# {MKT checkmated} 0-1

[Event "ICS Rated blitz match"]
[Site "204.178.125.65"]
[Date "1999.07.27"]
[Round "?"]
[White "Nimzovik"]
[Black "Hossa"]
[Result "0-1"]
[WhiteElo "2062"]
[BlackElo "2470"]
[PlyCount "72"]
[EventDate "1999.??.??"]

1. b3 e5 2. Bb2 Nc6 3. e3 e4 4. Be2 d5 5. f4 Bf5 6. Bb5 Qh4+ 7. g3 Qd8 8. Bxc6+
bxc6 9. h3 Rb8 10. Ne2 Ne7 11. Nd4 c5 12. Nxf5 Nxf5 13. Rg1 Bd6 14. Qe2 O-O 15.
Nc3 c6 16. Nd1 Qd7 17. Nf2 Rb4 18. a3 Rb6 19. Ng4 Rd8 20. Ne5 Bxe5 21. fxe5 c4
22. b4 c5 23. c3 Qc7 24. Qf2 Qxe5 25. g4 Ne7 26. O-O-O Rdb8 27. Rdf1 f6 28. h4
Qd6 29. h5 a5 30. h6 cxb4 31. cxb4 axb4 32. hxg7 c3 33. dxc3 bxc3 34. Bxc3
Qxa3+ 35. Kd2 Qa2+ 36. Ke1 36... Rb1# {Nimzovik checkmated} 0-1

[Event "ICS Rated blitz match"]
[Site "204.178.125.65"]
[Date "1999.07.27"]
[Round "?"]
[White "Hossa"]
[Black "Yeldnuh"]
[Result "0-1"]
[WhiteElo "2473"]
[BlackElo "2509"]
[PlyCount "117"]
[EventDate "1999.??.??"]

1. d4 Nf6 2. c4 e6 3. Nc3 Bb4 4. Bg5 c5 5. Bxf6 Qxf6 6. e3 cxd4 7. Qxd4 Bxc3+
8. Qxc3 Qxc3+ 9. bxc3 Na6 10. Rd1 Nc5 11. Be2 b6 12. Bf3 Rb8 13. Rd4 O-O 14.
Ne2 e5 15. Rh4 Bb7 16. Bxb7 Rxb7 17. O-O Rc7 18. Rd1 f6 19. Rg4 f5 20. Rh4 Ne4
21. Rd3 g5 22. Rh5 Kg7 23. f4 d6 24. fxg5 Rxc4 25. Rh4 Rf7 26. h3 Kg6 27. g4
Kxg5 28. Rh5+ Kg6 29. Rxf5 Rxf5 30. gxf5+ Kxf5 31. Kg2 Ke6 32. Rd1 Ra4 33. Ra1
Ra3 34. Kf3 d5 35. h4 Nxc3 36. Nxc3 Rxc3 37. Rg1 d4 38. Rg7 Rxe3+ 39. Kf2 Ra3
40. Rxh7 e4 41. Rh8 Rxa2+ 42. Kg3 Kd5 43. h5 Ra3+ 44. Kg4 e3 45. Re8 d3 46. h6
d2 47. Rd8+ Kc4 48. h7 Rd3 49. Rxd3 Kxd3 50. h8=Q d1=Q+ 51. Kf5 Qf3+ 52. Kg6
Qe4+ 53. Kg5 e2 54. Qc8 e1=Q 55. Qa6+ Qc4 56. Qa3+ Kc2 57. Qf3 Qeh4+ 58. Kg6
Qe6+ 59. Qf6 {Hossa resigns} 0-1